• 首页
  • 本馆介绍
  • 公告通知
  • 最新文献
  • 馆藏检索
  • 电子资源
  • 读者导购
  • 参考咨询
  • 我的图书馆
  • 登录
  • 详细信息显示
  • 放入我的书架
  • 预约/预借图书
  • 作者相关作品
  • 分类相关作品
  • 丛书相关作品
  • 出版社相关作品

书目信息

  • 表格格式
  • 工作单格式
  • 卡片格式
题名:
线性系统理论
    
 
作者: 程兆林 , 马树萍 编著
分册:  
出版信息: 北京   科学出版社  2006
页数: 204页
开本: 24cm
丛书名:
单 册:
中图分类: O231.1
科图分类:
主题词: 线性系统理论--高等学校--教材
电子资源:
ISBN: 7-03-017141-1
000 00903nam0 2200277 450
001 012004051567
005 20070805103722.37
009 012004051567
010    @a7-03-017141-1@dCNY19.00
035    @a(110019)012006055081
100    @a20060707d2006 em y0chiy0110 ea
101 0  @achi
102    @aCN@b110000
105    @ay z 000yy
106    @ar
200 1  @a线性系统理论@Axian xing ji tong li lun@f程兆林, 马树萍编著@Fcheng zhao lin , ma shu ping bian zhu
210    @a北京@c科学出版社@d2006
215    @a204页@d24cm
300    @a21世纪高等院校教材 信息与计算科学专业教材系列
330    @a本书从线性系统的能控性、能观性两个基本概念出发,讨论线性系统的综合与线性最优控制问题。
606 0  @a线性系统理论@x高等学校@j教材
690    @aO231.1@v4
701  0 @a程兆林@Acheng zhao lin@4编著
701  0 @a马树萍@Ama shu ping@4编著
801  0 @aCN@b110019@c20070805
905    @dO231.1@e43@f5
    
    线性系统理论/程兆林, 马树萍编著.-北京:科学出版社,2006
    204页;24cm
    21世纪高等院校教材 信息与计算科学专业教材系列
    
    ISBN 7-03-017141-1:CNY19.00
    本书从线性系统的能控性、能观性两个基本概念出发,讨论线性系统的综合与线性最优控制问题。
●
相关链接 在E读中查询图书 在五车中查询图书 在当当中查询图书 在豆瓣中查询图书


正题名:线性系统理论     索取号:O231.1/43         预约/预借

序号 登录号 条形码 馆藏地/架位号 状态 备注
1 0852044   208520448   第二样本阅览室/ [索取号:O231.1/43] 在馆    
2 0852045   208520457   第三借阅区/ [索取号:O231.1/43] 在馆    
3 0852046   208520466   第三借阅区/ [索取号:O231.1/43] 在馆    
4 0852047   208520475   第三借阅区/ [索取号:O231.1/43] 在馆    
5 0852048   208520484   第三借阅区/ [索取号:O231.1/43] 在馆    
唐山师范学院图书馆 欢迎您!
大连网信软件有限公司© 版权所有